[Event "ch-city"]
[Site "Milanowek"]
[Date "2010.06.29"]
[Round "4.9"]
[White "Winiarski, Mikolaj"]
[Black "Kowalik, Pawel"]
[Result "1-0"]
[WhiteElo "1674"]
[BlackElo "1791"]
[PlyCount "131"]
[EventDate "2010.06.26"]
[EventType "swiss"]
[EventRounds "1"]
[EventCountry "POL"]
[SourceDate "2010.06.26"]

1. d4 d6 2. c4 e5 3. dxe5 dxe5 4. Qxd8+ Kxd8 5. Nc3 Be6 6. e3 Nd7 7. Bd2 c6 8.
O-O-O Kc7 9. f4 f6 10. Nf3 Nh6 11. Ne4 Nf7 12. Bc3 a5 13. Ng3 g6 14. fxe5 Ndxe5
15. Nxe5 Nxe5 16. Ne4 Be7 17. Be2 Rhf8 18. Rhf1 Nxc4 19. Bxc4 Bxc4 20. Nxf6
Bxf1 21. Rd7+ Kb6 22. Rxe7 Rfd8 23. Nd7+ Rxd7 24. Rxd7 Bxg2 25. Rxh7 Re8 26.
Rh4 Kb5 27. Rg4 Be4 28. Rg5+ Bf5 29. h4 c5 30. h5 Rxe3 31. hxg6 Be6 32. g7 Bg8
33. Rg4 b6 34. a4+ Kc6 35. Kd2 Re6 36. Rf4 Rg6 37. Ke3 b5 38. axb5+ Kxb5 39.
Rf8 Bd5 40. Rd8 Bf7 41. Ra8 Kb6 42. Rb8+ Ka6 43. Kf4 a4 44. Ra8+ Kb5 45. Ra5+
Kc4 46. Rxa4+ Kb3 47. Ra5 c4 48. Rg5 Rh6 49. g8=Q Bxg8 50. Rxg8 Rh2 51. Rb8+
Kc2 52. Rb4 Kd3 53. Ke5 Rh5+ 54. Kd6 Rf5 55. Rb6 Rh5 56. Rc6 Rb5 57. Rc5 Rb6+
58. Kc7 Rg6 59. Rc6 Rg5 60. Kb6 Rh5 61. Rc5 Rh7 62. Ka5 Ra7+ 63. Kb4 Rb7+ 64.
Rb5 Rd7 65. Rb6 Rd8 66. Kc5 1-0

[Event "ch-city"]
[Site "Milanowek"]
[Date "2010.06.29"]
[Round "4.10"]
[White "Paziewski, Marcin"]
[Black "Kucharski, Jacek"]
[Result "1-0"]
[WhiteElo "1761"]
[BlackElo "1369"]
[PlyCount "93"]
[EventDate "2010.06.26"]
[EventType "swiss"]
[EventRounds "1"]
[EventCountry "POL"]
[SourceDate "2010.06.26"]

1. d4 Nf6 2. c4 e6 3. Nc3 Bb4 4. Qc2 c5 5. dxc5 Bxc5 6. Bf4 Nc6 7. e3 Nh5 8.
Bg3 b6 9. a3 Bb7 10. Nf3 Nxg3 11. hxg3 h6 12. Be2 Qf6 13. Ne4 Qe7 14. O-O f5
15. Nxc5 Qxc5 16. b4 Qf8 17. Rfd1 Rd8 18. b5 Nb8 19. Ne5 Qf6 20. Bh5+ g6 21.
Nxg6 Rg8 22. Nf4+ Ke7 23. Qd2 e5 24. Nd5+ Bxd5 25. Qxd5 Qe6 26. Qd2 Rg5 27. Bf3
e4 28. Be2 d6 29. Rac1 Qe5 30. Qb4 Qc5 31. Qc3 Nd7 32. Rd5 Qc7 33. f4 exf3 34.
Bxf3 Nf6 35. Rd4 Rxg3 36. Qd3 Rg5 37. Bc6 Ng4 38. Bd5 Ne5 39. Qc2 Kf6 40. Rf1
Qc8 41. Rdf4 Ng4 42. Qe2 h5 43. e4 Re8 44. Qf3 Re5 45. exf5 Ne3 46. Rf2 Nxf5
47. Be4 1-0

[Event "ch-city"]
[Site "Milanowek"]
[Date "2010.06.29"]
[Round "4.11"]
[White "Kaminski, Stefan"]
[Black "Wyszomirski, Krzysztof"]
[Result "0-1"]
[WhiteElo "1575"]
[BlackElo "1736"]
[PlyCount "66"]
[EventDate "2010.06.26"]
[EventType "swiss"]
[EventRounds "1"]
[EventCountry "POL"]
[SourceDate "2010.06.26"]

1. e4 c5 2. Nf3 Nc6 3. Bc4 e6 4. O-O Nf6 5. Re1 Qc7 6. h3 Be7 7. c3 d5 8. exd5
exd5 9. Bb5 O-O 10. Bxc6 bxc6 11. d4 Ne4 12. dxc5 Bxc5 13. Be3 Bd6 14. Nbd2 f5
15. c4 f4 16. Bd4 c5 17. Nxe4 dxe4 18. Be5 Bxe5 19. Qd5+ Kh8 20. Nxe5 Bb7 21.
Qd7 Qxe5 22. Qxb7 Rae8 23. Qxa7 f3 24. g3 Qxb2 25. Qxc5 e3 26. Rf1 e2 27. Rfe1
Rc8 28. Qd6 Rcd8 29. Qc5 Rfe8 30. Qc6 Qxa1 31. Rxa1 Rd1+ 32. Kh2 e1=Q 33. Rxd1
Qxf2+ 0-1

[Event "ch-city"]
[Site "Milanowek"]
[Date "2010.06.29"]
[Round "4.12"]
[White "Trocha, Adam"]
[Black "Rozycki, Dariusz"]
[Result "1-0"]
[WhiteElo "1525"]
[BlackElo "1505"]
[PlyCount "123"]
[EventDate "2010.06.26"]
[EventType "swiss"]
[EventRounds "1"]
[EventCountry "POL"]
[SourceDate "2010.06.26"]

1. c4 e5 2. Nc3 Nc6 3. g3 g6 4. Bg2 Bg7 5. e4 d6 6. Nge2 Bd7 7. f4 Bg4 8. Qa4
Qd7 9. h3 Be6 10. b4 Nd4 11. Qxd7+ Kxd7 12. Nxd4 exd4 13. Nd5 c6 14. b5 f5 15.
exf5 gxf5 16. bxc6+ bxc6 17. Nb4 Ne7 18. d3 a5 19. Nc2 Bxc4 20. Kd2 Bf7 21. Bb2
Rab8 22. Bxd4 Bxd4 23. Nxd4 Rb2+ 24. Nc2 Bxa2 25. Rhc1 a4 26. Kd1 Rg8 27. g4
fxg4 28. hxg4 Ng6 29. Be4 Nxf4 30. Bxh7 Rh8 31. Bf5+ Ke7 32. Kd2 Nd5 33. Re1+
Kd8 34. Kc1 a3 35. Nxa3 Rhh2 36. d4 Rb3 37. Nc2 Nc3 38. Re3 Bb1 39. Ra8+ Kc7
40. Re7+ Kb6 41. Rb8+ Ka6 42. Bc8+ Rb7 43. Ra8+ Kb5 44. Rxb7+ Kc4 45. Na3+ Kxd4
46. Rb4+ Kc5 47. Rc4+ Kd5 48. Rxc3 Be4 49. Ra5+ Kd4 50. Rc4+ Ke3 51. Bf5 d5 52.
Rxc6 Rh1+ 53. Kb2 d4 54. Re5 d3 55. Rxe4+ Kd2 56. Rd4 Rh2 57. Rxd3+ Ke1+ 58.
Rc2 Rh8 59. g5 Rf8 60. Rh3 Rxf5 61. Rh1+ Rf1 62. Rc1+ 1-0

[Event "ch-city"]
[Site "Milanowek"]
[Date "2010.06.30"]
[Round "5.1"]
[White "Liberadzki, Slawomir"]
[Black "Janczarski, Michal"]
[Result "1/2-1/2"]
[WhiteElo "2007"]
[BlackElo "2281"]
[PlyCount "29"]
[EventDate "2010.06.26"]
[EventType "swiss"]
[EventRounds "1"]
[EventCountry "POL"]
[SourceDate "2010.06.26"]

1. e4 c5 2. c3 d5 3. exd5 Qxd5 4. d4 Nc6 5. Nf3 e6 6. Be2 Nf6 7. O-O Be7 8. c4
Qd8 9. dxc5 Qxd1 10. Rxd1 Bxc5 11. Nc3 e5 12. Nd5 O-O 13. Be3 Bxe3 14. Nxe3 Ng4
15. Nd5 $11 1/2-1/2

[Event "ch-city"]
[Site "Milanowek"]
[Date "2010.06.30"]
[Round "5.2"]
[White "Winski, Lukasz"]
[Black "Olejarczyk, Bogdan"]
[Result "1/2-1/2"]
[WhiteElo "2115"]
[BlackElo "2174"]
[PlyCount "71"]
[EventDate "2010.06.26"]
[EventType "swiss"]
[EventRounds "1"]
[EventCountry "POL"]
[SourceDate "2010.06.26"]

1. e4 c6 2. c4 d5 3. cxd5 cxd5 4. exd5 Nf6 5. Nc3 Nxd5 6. Bc4 Nb6 7. Bb5+ Bd7
8. Be2 e5 9. Nf3 Nc6 10. d4 exd4 11. Nxd4 Be7 12. O-O Nxd4 13. Qxd4 O-O 14. Qf4
Bc6 15. Rd1 Qb8 16. Qxb8 Raxb8 17. Be3 Rbd8 18. Nb5 Na4 19. Nxa7 Be4 20. Rxd8
Rxd8 21. Rd1 Rxd1+ 22. Bxd1 Nxb2 23. Bb3 Nd3 24. f3 Bf5 25. Bd5 Nc5 26. Nb5 Bd3
27. Nd4 Bd6 28. Nb3 Nxb3 29. axb3 b5 30. f4 Kf8 31. g3 Ke7 32. Bd4 f6 33. Kf2
Bb4 34. Ke3 Bc2 35. Bc6 Bxb3 36. Bxb5 1/2-1/2

[Event "ch-city"]
[Site "Milanowek"]
[Date "2010.06.30"]
[Round "5.3"]
[White "Rozycki, Bartlomiej"]
[Black "Borkowski, Adam"]
[Result "1/2-1/2"]
[WhiteElo "1740"]
[BlackElo "1827"]
[PlyCount "71"]
[EventDate "2010.06.26"]
[EventType "swiss"]
[EventRounds "1"]
[EventCountry "POL"]
[SourceDate "2010.06.26"]

1. e4 c5 2. c3 Nc6 3. d4 cxd4 4. cxd4 e6 5. Nc3 d5 6. e5 f5 7. f4 Bb4 8. Nf3
Nge7 9. Qc2 Ng6 10. g3 Bd7 11. Bb5 Rc8 12. Bxc6 Rxc6 13. Bd2 O-O 14. Qb3 Qb6
15. Kf2 Bxc3 16. Qxb6 Rxb6 17. Bxc3 Rc8 18. Ke3 Ne7 19. Kd2 h6 20. Rhc1 Kf7 21.
b3 Nc6 22. Bb2 a5 23. Ba3 a4 24. Rab1 Ra8 25. Bc5 Rba6 $11 26. b4 b5 27. Rc3
Rc8 28. a3 Ne7 29. Rbc1 Rac6 30. Ne1 Ng8 31. Nf3 Ne7 32. Ng1 Ng6 33. Ne2 Nh8
34. R3c2 Rg8 35. Nc3 Rcc8 36. Ke3 $11 1/2-1/2

[Event "ch-city"]
[Site "Milanowek"]
[Date "2010.06.30"]
[Round "5.4"]
[White "Staniak, Mariusz"]
[Black "Gajewski, Dariusz"]
[Result "1/2-1/2"]
[WhiteElo "1901"]
[BlackElo "2014"]
[PlyCount "138"]
[EventDate "2010.06.26"]
[EventType "swiss"]
[EventRounds "1"]
[EventCountry "POL"]
[SourceDate "2010.06.26"]

1. c4 d5 2. cxd5 Nf6 3. g3 Nxd5 4. Bg2 h5 5. h4 c6 6. Nf3 e6 7. O-O Be7 8. d4
Nd7 9. e4 N5f6 10. Nc3 Ng4 11. Bf4 Nf8 12. Qc2 Ng6 13. Bg5 f6 14. Bd2 Qc7 15.
e5 Kf7 16. Rae1 Bd7 17. Ne4 Rag8 18. Nc5 Bc8 19. Nd3 Nf8 20. Nh2 Nxh2 21. Kxh2
g5 22. exf6 Bxf6 23. hxg5 h4 24. Ne5+ Bxe5 25. Rxe5 Ng6 26. f4 hxg3+ 27. Kxg3
Nxe5 28. fxe5+ Ke8 29. Be4 Bd7 30. g6 Qd8 31. Rf6 Qe7 32. Bg5 Rh5 33. Kg4 Rgh8
34. g7 Rxg5+ 35. Kxg5 Qxg7+ 36. Rg6 Qe7+ 37. Rf6 Kd8 38. Qc5 Qxc5 39. dxc5 Rh2
40. Rf3 Rxb2 41. Ra3 Rb5 42. Rxa7 Kc7 43. Kf6 Rxc5 44. Bg6 Rc1 45. Ra3 Rf1+ 46.
Ke7 Re1 47. Rd3 Bc8 48. Bf7 c5 49. Bxe6 Bxe6 50. Kxe6 c4 51. Rd5 Kc6 52. Rd8
Kc5 53. Rd5+ Kb4 54. a3+ Ka4 55. Rc5 Re3 56. Kd6 Rxa3 57. e6 Rh3 58. e7 Rh8 59.
Kd7 Kb4 60. Rc8 Rh7 61. Kd6 Rxe7 62. Kxe7 Kb3 63. Kd6 b5 64. Kc5 c3 65. Rb8 c2
66. Rxb5+ Kc3 67. Rb4 Kd2 68. Rc4 c1=Q 69. Rxc1 Kxc1 1/2-1/2

[Event "ch-city"]
[Site "Milanowek"]
[Date "2010.06.30"]
[Round "5.5"]
[White "Paziewski, Marcin"]
[Black "Tomaszewska, Luiza"]
[Result "1/2-1/2"]
[WhiteElo "1761"]
[BlackElo "1968"]
[PlyCount "73"]
[EventDate "2010.06.26"]
[EventType "swiss"]
[EventRounds "1"]
[EventCountry "POL"]
[SourceDate "2010.06.26"]

1. d4 Nf6 2. c4 g6 3. Nc3 d5 4. Bf4 c6 5. e3 Bg7 6. Nf3 O-O 7. Be2 dxc4 8. Bxc4
b5 9. Bd3 Bb7 10. O-O a6 11. Ne4 Nxe4 12. Bxe4 Nd7 13. Rc1 Rc8 14. b4 Nf6 15.
Bb1 Nd5 16. a3 Nxf4 17. exf4 Qd6 18. Ne5 Rfd8 19. Qb3 Bxe5 20. dxe5 Qd5 21.
Qxd5 cxd5 22. Bd3 e6 23. f3 $11 d4 24. Rfd1 Bd5 25. Kf2 Bc4 26. Ke2 Rc7 27. Kd2
Rdc8 28. Be4 Kg7 29. g3 f6 30. exf6+ Kxf6 31. Re1 h6 32. h4 Re7 33. g4 Rcc7 34.
g5+ Kg7 35. gxh6+ Kxh6 36. Rg1 Rg7 37. Rg5 1/2-1/2

[Event "ch-city"]
[Site "Milanowek"]
[Date "2010.06.30"]
[Round "5.6"]
[White "Rogalski, Krzysztof"]
[Black "Winiarski, Mikolaj"]
[Result "1/2-1/2"]
[WhiteElo "1948"]
[BlackElo "1674"]
[PlyCount "62"]
[EventDate "2010.06.26"]
[EventType "swiss"]
[EventRounds "1"]
[EventCountry "POL"]
[SourceDate "2010.06.26"]

1. d4 Nf6 2. c4 c5 3. d5 b5 4. cxb5 a6 5. bxa6 Bxa6 6. Nc3 d6 7. Nf3 g6 8. g3
Bg7 9. e4 Bxf1 10. Kxf1 Nbd7 11. h3 O-O 12. Kg2 Nb6 13. Re1 Nfd7 14. Qe2 Na4
15. Nxa4 Rxa4 16. Qc2 Ra6 17. Bd2 Qa8 18. a3 f5 19. Bc3 Bxc3 20. bxc3 Nf6 21.
exf5 Nxd5 22. c4 Nb4 23. Qe4 Qxe4 24. Rxe4 Rxf5 25. Rxe7 Nc2 26. Ra2 Rxa3 27.
Rxa3 Nxa3 28. Nd2 Rf7 29. Rxf7 Kxf7 30. Kf3 Ke6 31. Ke4 Nxc4 $11 1/2-1/2

[Event "ch-city"]
[Site "Milanowek"]
[Date "2010.06.30"]
[Round "5.7"]
[White "Woloszyn, Piotr"]
[Black "Sujkowski, Pawel"]
[Result "0-1"]
[WhiteElo "1759"]
[BlackElo "1944"]
[PlyCount "88"]
[EventDate "2010.06.26"]
[EventType "swiss"]
[EventRounds "1"]
[EventCountry "POL"]
[SourceDate "2010.06.26"]

1. e4 c5 2. c4 d6 3. Nc3 Nc6 4. Nge2 g6 5. d3 Bg7 6. h3 Nf6 7. Bg5 O-O 8. Qd2
Re8 9. g4 Rb8 10. Bg2 a6 11. a4 Nd7 12. Bh6 Bh8 13. O-O Nd4 14. Nxd4 cxd4 15.
Ne2 b5 16. b3 Nc5 17. Nc1 bxc4 18. bxc4 a5 19. Bf3 Bd7 20. Bd1 e6 21. Kg2 Bc6
22. f3 d5 23. Bf4 Rb4 24. cxd5 exd5 25. Qc2 Qb6 26. Rf2 dxe4 27. Bd6 Nxd3 28.
Nxd3 exd3 29. Qc5 Qxc5 30. Bxc5 Rc4 31. Bb6 Ra8 32. Ra3 Rc3 33. Raa2 Be5 34.
Rfb2 Bd5 35. Ra1 Rb8 36. Rb5 Bc4 37. Rxe5 Rxb6 38. Rxa5 d2 39. Ra8+ Kg7 40. a5
Re6 41. Rb1 Rc1 42. Rbb8 Rxd1 43. g5 Rg1+ 44. Kxg1 d1=Q+ 0-1

[Event "ch-city"]
[Site "Milanowek"]
[Date "2010.06.30"]
[Round "5.8"]
[White "Wyszomirski, Krzysztof"]
[Black "Cyra, Dariusz"]
[Result "0-1"]
[WhiteElo "1736"]
[BlackElo "1874"]
[PlyCount "72"]
[EventDate "2010.06.26"]
[EventType "swiss"]
[EventRounds "1"]
[EventCountry "POL"]
[SourceDate "2010.06.26"]

1. e4 d6 2. d4 Nf6 3. Bd3 c5 4. c3 g6 5. f4 cxd4 6. cxd4 Nc6 7. d5 Nb8 8. Be3
Bg7 9. Nc3 O-O 10. h3 Nbd7 11. Nf3 b6 12. Rc1 Nc5 13. Bb1 a5 14. O-O Bb7 15. a3
a4 16. Bxc5 bxc5 17. Nxa4 Nh5 18. f5 Bh6 19. Rc3 Qa5 20. b3 Ba6 21. Re1 Bb5 22.
Rc2 Bxa4 23. bxa4 Qxa4 24. fxg6 hxg6 25. e5 Qxa3 26. e6 f5 27. Ra2 Qc3 28. Rxa8
Rxa8 29. g4 fxg4 30. hxg4 Nf4 31. g5 Bxg5 32. Re4 Ra3 33. Kf2 Bh4+ 34. Nxh4
Qg3+ 35. Kf1 Qxh4 36. Bc2 Rh3 0-1

[Event "ch-city"]
[Site "Milanowek"]
[Date "2010.06.30"]
[Round "5.9"]
[White "Chmielewska, Joanna"]
[Black "Lasota, Adam"]
[Result "0-1"]
[WhiteElo "1691"]
[BlackElo "1825"]
[PlyCount "70"]
[EventDate "2010.06.26"]
[EventType "swiss"]
[EventRounds "1"]
[EventCountry "POL"]
[SourceDate "2010.06.26"]

1. e4 c5 2. Nf3 e6 3. d4 cxd4 4. Nxd4 Nc6 5. Nc3 Qc7 6. f4 a6 7. Be3 b5 8. a3
Bb7 9. Qf3 Rc8 10. Bd3 Nf6 11. g4 d6 12. g5 Nd7 13. Nde2 Nc5 14. O-O Ne7 15.
Ng3 d5 16. f5 dxe4 17. Ncxe4 Nxf5 18. Nxf5 exf5 19. Qxf5 Bxe4 20. Bxe4 Nxe4 21.
Qxe4+ Be7 22. c3 $11 O-O 23. Rf3 Bc5 24. Rh3 Bxe3+ 25. Qxe3 Rfe8 26. Qd3 Qc5+
27. Kh1 g6 28. Qd2 Re5 29. Rg3 Rce8 30. Rf1 Re2 31. Qf4 Qd5+ 32. Rgf3 R8e7 33.
Qf6 Rd7 34. b4 Qe4 35. Qxa6 Qxf3+ 0-1

[Event "ch-city"]
[Site "Milanowek"]
[Date "2010.06.30"]
[Round "5.10"]
[White "Kowalik, Pawel"]
[Black "Herman, Monika"]
[Result "0-1"]
[WhiteElo "1791"]
[BlackElo "1665"]
[PlyCount "80"]
[EventDate "2010.06.26"]
[EventType "swiss"]
[EventRounds "1"]
[EventCountry "POL"]
[SourceDate "2010.06.26"]

1. d4 d5 2. Nf3 Nf6 3. Bg5 h6 4. Bh4 e6 5. e3 Be7 6. Bd3 c6 7. c4 Qa5+ 8. Nfd2
Nbd7 9. Nc3 Bb4 10. Qc1 Bxc3 11. Qxc3 Qxc3 12. bxc3 O-O 13. O-O Re8 14. cxd5
exd5 15. c4 dxc4 16. Nxc4 g5 17. Bg3 Ne4 18. Nd6 Nxg3 19. Nxe8 Nxf1 20. Kxf1
Kf8 21. Nd6 Nb6 22. a4 Ke7 23. Nxc8+ Rxc8 24. Rb1 Rc7 25. a5 Nd7 26. Bf5 Kd6
27. Bxd7 Rxd7 28. Rc1 b6 29. axb6 axb6 30. Ke2 Ra7 31. Kd3 Ra2 32. Rc2 Rxc2 33.
Kxc2 c5 34. Kd3 b5 35. dxc5+ Kxc5 36. e4 Kb4 37. h3 Kb3 38. g3 b4 39. f4 gxf4
40. gxf4 Ka2 0-1

[Event "ch-city"]
[Site "Milanowek"]
[Date "2010.06.30"]
[Round "5.11"]
[White "Kucharski, Jacek"]
[Black "Kaminski, Stefan"]
[Result "0-1"]
[WhiteElo "1369"]
[BlackElo "1575"]
[PlyCount "80"]
[EventDate "2010.06.26"]
[EventType "swiss"]
[EventRounds "1"]
[EventCountry "POL"]
[SourceDate "2010.06.26"]

1. d4 e6 2. Nf3 c5 3. c3 cxd4 4. cxd4 Nc6 5. a3 h6 6. e3 Nf6 7. Be2 b6 8. Nc3
Bb7 9. Nd2 Ne7 10. Bf3 Bxf3 11. Qxf3 d5 12. Qe2 a6 13. Nf3 Ng6 14. Bd2 Bd6 15.
h3 b5 16. O-O O-O 17. Rfe1 Bc7 18. e4 dxe4 19. Nxe4 Nd5 20. g3 Qe7 21. Nc3 Rfd8
22. Ne5 Nxe5 23. dxe5 Nb6 24. Be3 Nc4 25. f4 Rab8 26. b4 Nxe3 27. Kh2 Nc4 28.
Ra2 Bb6 29. Ne4 Rd4 30. Rd1 Rbd8 31. Rxd4 Rxd4 32. Nd2 Nxd2 33. Rxd2 Qd7 34.
Rc2 g6 35. h4 h5 36. Qg2 Qd5 37. Qe2 Rd1 38. Qg2 Be3 39. Ra2 Bd2 40. Rxd2 Qxd2
0-1

[Event "ch-city"]
[Site "Milanowek"]
[Date "2010.06.30"]
[Round "5.12"]
[White "Rozycki, Wojciech"]
[Black "Trocha, Adam"]
[Result "0-1"]
[WhiteElo "1503"]
[BlackElo "1525"]
[PlyCount "32"]
[EventDate "2010.06.26"]
[EventType "swiss"]
[EventRounds "1"]
[EventCountry "POL"]
[SourceDate "2010.06.26"]

1. e4 c5 2. Nf3 Nc6 3. c3 Nf6 4. Qc2 d6 5. d4 cxd4 6. cxd4 Qb6 7. Bd3 Nxd4 8.
Nxd4 Qxd4 9. Be3 Qb4+ 10. Nd2 Bd7 11. a3 Qa5 12. b4 Qe5 13. O-O Ng4 14. f4 Qh5
15. Rfe1 Qxh2+ 16. Kf1 Nxe3+ 0-1

[Event "ch-city"]
[Site "Milanowek"]
[Date "2010.07.01"]
[Round "6.1"]
[White "Janczarski, Michal"]
[Black "Winski, Lukasz"]
[Result "1/2-1/2"]
[WhiteElo "2281"]
[BlackElo "2115"]
[PlyCount "44"]
[EventDate "2010.06.26"]
[EventType "swiss"]
[EventRounds "1"]
[EventCountry "POL"]
[SourceDate "2010.06.26"]

1. g3 e5 2. Bg2 Nf6 3. c4 d5 4. cxd5 Nxd5 5. Nc3 Nb6 6. Nf3 Nc6 7. O-O Be7 8.
d3 Be6 9. a3 O-O 10. b4 a6 11. Bb2 f6 12. Ne4 a5 13. b5 Na7 14. a4 c6 15. Nc3
Nd5 16. Nxd5 Bxd5 17. e4 Be6 18. d4 cxb5 19. d5 Bf7 20. Nh4 b4 21. f4 Bd6 22.
Nf5 Qb6+ $11 1/2-1/2

[Event "ch-city"]
[Site "Milanowek"]
[Date "2010.07.01"]
[Round "6.2"]
[White "Olejarczyk, Bogdan"]
[Black "Liberadzki, Slawomir"]
[Result "1/2-1/2"]
[WhiteElo "2174"]
[BlackElo "2007"]
[PlyCount "99"]
[EventDate "2010.06.26"]
[EventType "swiss"]
[EventRounds "1"]
[EventCountry "POL"]
[SourceDate "2010.06.26"]

1. d4 d5 2. c4 e6 3. Nc3 Nf6 4. cxd5 exd5 5. Bg5 Be7 6. e3 c6 7. Bd3 Bg4 8. f3
Bh5 9. Nge2 Bg6 10. O-O O-O 11. Bxg6 hxg6 12. Qd3 Re8 13. Rad1 Na6 14. a3 Nc7
$11 15. Bxf6 Bxf6 16. e4 Qd7 17. Na4 Ne6 18. e5 Be7 19. Kh1 Rad8 20. Nac3 c5
21. f4 cxd4 22. Nxd4 g5 23. g3 Bc5 24. Nce2 Nxd4 25. Nxd4 Bxd4 26. Qxd4 gxf4
27. gxf4 Qf5 28. Rf2 Re6 $11 29. Qd3 Qxd3 30. Rxd3 f6 31. exf6 Rxf6 32. Kg2 d4
33. Kg3 Kf7 34. Rc2 Rd7 35. Rc4 Rfd6 36. Kf3 Kf6 37. Rc8 Re6 38. Rf8+ Ke7 39.
Rf5 Re1 40. Ra5 a6 41. Ra4 Rb1 42. Rd2 Kf6 43. Rc4 Rf1+ 44. Kg3 Rg1+ 45. Kf2
Rh1 46. Kg2 Rb1 47. Rc5 Rd6 48. Kf3 Rf1+ 49. Kg3 Rg1+ 50. Kf2 $11 1/2-1/2

[Event "ch-city"]
[Site "Milanowek"]
[Date "2010.07.01"]
[Round "6.3"]
[White "Borkowski, Adam"]
[Black "Staniak, Mariusz"]
[Result "1/2-1/2"]
[WhiteElo "1827"]
[BlackElo "1901"]
[PlyCount "67"]
[EventDate "2010.06.26"]
[EventType "swiss"]
[EventRounds "1"]
[EventCountry "POL"]
[SourceDate "2010.06.26"]

1. c4 Nf6 2. Nc3 c5 3. g3 e6 4. Bg2 Be7 5. Nf3 Nc6 6. O-O O-O 7. b3 d5 8. cxd5
exd5 9. d4 Bg4 10. dxc5 Bxc5 11. Bg5 Be7 12. h3 Be6 13. Nd4 Qa5 14. Ncb5 Nxd4
15. Nxd4 h6 16. Bxf6 Bxf6 17. e3 Rac8 18. a4 a6 19. Rc1 Rxc1 20. Qxc1 Rc8 21.
Qa3 Qc3 22. Nxe6 fxe6 23. Qd6 Qc6 24. Qxc6 Rxc6 25. e4 dxe4 26. Bxe4 Rb6 27.
Rb1 Rb4 28. Bd3 Bd4 29. Bc4 Kf7 30. Re1 Rb6 31. Re4 Bc3 32. f4 Kf6 33. Kf2 Rd6
34. Kf3 1/2-1/2

[Event "ch-city"]
[Site "Milanowek"]
[Date "2010.07.01"]
[Round "6.4"]
[White "Gajewski, Dariusz"]
[Black "Cyra, Dariusz"]
[Result "1/2-1/2"]
[WhiteElo "2014"]
[BlackElo "1874"]
[PlyCount "76"]
[EventDate "2010.06.26"]
[EventType "swiss"]
[EventRounds "1"]
[EventCountry "POL"]
[SourceDate "2010.06.26"]

1. e4 d6 2. d4 Nf6 3. Nc3 g6 4. Be3 Bg7 5. Qd2 c6 6. f3 b5 7. Bh6 Bxh6 8. Qxh6
Qa5 9. Qd2 Nbd7 10. Nh3 Nb6 11. Nf2 Be6 12. d5 b4 13. dxe6 bxc3 14. exf7+ Kxf7
15. Qxc3 Qxc3+ 16. bxc3 Na4 17. Kd2 Rab8 18. Bd3 Rb7 19. Rhb1 Rhb8 20. Rxb7
Rxb7 21. Nd1 e5 22. Ne3 Ke6 23. Nc4 d5 24. Na5 Rb6 25. Nb3 Kd6 26. Re1 Nd7 27.
h4 Nac5 28. g3 Rb8 29. Nxc5 Nxc5 30. exd5 cxd5 31. h5 Nxd3 32. Kxd3 gxh5 33.
Rh1 Rg8 34. Rxh5 Rxg3 35. Rxh7 Rxf3+ 36. Kd2 Rf2+ 37. Kd1 Rf3 38. Kd2 Rf2+
1/2-1/2

[Event "ch-city"]
[Site "Milanowek"]
[Date "2010.07.01"]
[Round "6.5"]
[White "Sujkowski, Pawel"]
[Black "Lasota, Adam"]
[Result "1-0"]
[WhiteElo "1944"]
[BlackElo "1825"]
[PlyCount "57"]
[EventDate "2010.06.26"]
[EventType "swiss"]
[EventRounds "1"]
[EventCountry "POL"]
[SourceDate "2010.06.26"]

1. c4 Nf6 2. Nf3 e6 3. g3 b6 4. Bg2 Bb7 5. O-O Be7 6. Nc3 O-O 7. d4 Ne4 8. Qc2
Nxc3 9. Qxc3 Bf6 10. Qd3 d5 11. cxd5 Bxd5 12. e4 Bb7 13. Rd1 Nd7 14. e5 Be7 15.
Ng5 Bxg5 16. Bxb7 Rb8 17. Be4 Bxc1 18. Bxh7+ Kh8 19. Raxc1 g6 20. Bxg6 fxg6 21.
Qxg6 Qe7 22. Qh6+ Kg8 23. Qg6+ Kh8 24. Rxc7 a5 25. d5 Rbc8 26. d6 Qd8 27. Rd4
Rxc7 28. dxc7 Qe7 29. Rh4+ 1-0

[Event "ch-city"]
[Site "Milanowek"]
[Date "2010.07.01"]
[Round "6.6"]
[White "Rozycki, Bartlomiej"]
[Black "Paziewski, Marcin"]
[Result "0-1"]
[WhiteElo "1740"]
[BlackElo "1761"]
[PlyCount "54"]
[EventDate "2010.06.26"]
[EventType "swiss"]
[EventRounds "1"]
[EventCountry "POL"]
[SourceDate "2010.06.26"]

1. d4 d5 2. e3 Bf5 3. c4 c6 4. Nc3 e6 5. Nf3 Nf6 6. Nh4 Bg6 7. Nxg6 hxg6 8.
cxd5 exd5 9. Bd3 Bd6 10. h3 Nbd7 11. a3 O-O 12. b4 a6 13. Qb3 Re8 14. a4 Qe7
15. Rb1 Ne4 16. Bxe4 dxe4 17. Bd2 Nf6 18. O-O g5 19. b5 g4 20. hxg4 Nxg4 21. g3
Qg5 22. Kg2 Qh5 23. Rh1 Qf5 24. Be1 Qf3+ 25. Kg1 Bxg3 26. fxg3 Nxe3 27. Qb2
Qf1+ 0-1

[Event "ch-city"]
[Site "Milanowek"]
[Date "2010.07.01"]
[Round "6.7"]
[White "Tomaszewska, Luiza"]
[Black "Rogalski, Krzysztof"]
[Result "0-1"]
[WhiteElo "1968"]
[BlackElo "1948"]
[PlyCount "72"]
[EventDate "2010.06.26"]
[EventType "swiss"]
[EventRounds "1"]
[EventCountry "POL"]
[SourceDate "2010.06.26"]

1. e4 c5 2. Nf3 e6 3. d4 cxd4 4. Nxd4 a6 5. c4 Nf6 6. Bd3 Qc7 7. O-O b6 8. Nc3
Bb7 9. Be3 d6 10. f4 Nbd7 11. Nb3 Nc5 12. Nxc5 bxc5 13. f5 Be7 14. Qe2 O-O 15.
g4 h6 16. h4 d5 17. Bf4 e5 18. Bg3 Nxe4 19. Nxe4 dxe4 20. Bxe4 Bxe4 21. Qxe4
Bf6 22. Rf2 Rfe8 23. Raf1 Rad8 24. Rh2 Rd4 25. Qe2 Qc6 26. g5 hxg5 27. hxg5
Bxg5 28. Rh5 Rd2 29. Qf3 Qxf3 30. Rxf3 Bf6 31. Be1 Rxb2 32. Rfh3 Kf8 33. Ra3
Rb6 34. Bf2 Rc6 35. Rxa6 Rxa6 36. Bxc5+ Kg8 0-1

[Event "ch-city"]
[Site "Milanowek"]
[Date "2010.07.01"]
[Round "6.8"]
[White "Herman, Monika"]
[Black "Winiarski, Mikolaj"]
[Result "1/2-1/2"]
[WhiteElo "1665"]
[BlackElo "1674"]
[PlyCount "94"]
[EventDate "2010.06.26"]
[EventType "swiss"]
[EventRounds "1"]
[EventCountry "POL"]
[SourceDate "2010.06.26"]

1. e4 c5 2. Nf3 Nc6 3. d4 cxd4 4. Nxd4 Nf6 5. Nc3 d6 6. Bg5 g6 7. Bxf6 exf6 8.
Qd2 Bg7 9. Ndb5 O-O 10. Nxd6 Be6 11. f4 Bh6 12. g3 Qe7 13. Nd5 Bxd5 14. Qxd5
Nb4 15. Qd2 Nxc2+ 16. Qxc2 Qxd6 17. Rd1 Qb4+ 18. Kf2 Rac8 19. Qd2 Qb6+ 20. Kf3
Rfd8 21. Bd3 f5 22. exf5 Qc6+ 23. Kf2 Bg7 24. g4 Qb6+ 25. Kg3 gxf5 26. g5 Bxb2
27. Rb1 $11 Rc3 28. Qxb2 Rcxd3+ 29. Kh4 Qe3 30. Qg2 Qxf4+ 31. Kh5 Qf3+ 32. Qxf3
Rxf3 33. h4 Rd7 34. Rbc1 Kg7 35. Rc2 Re3 36. Rf2 Re5 37. Rhf1 Rdd5 38. Rc1 b5
39. Rc7 a5 40. Ra7 b4 41. Rc2 Re8 42. Rcc7 Rf8 43. Rcb7 Rc5 44. Ra6 Rd5 45.
Raa7 Rc5 46. Ra6 Re5 47. Rba7 Rc5 1/2-1/2

[Event "ch-city"]
[Site "Milanowek"]
[Date "2010.07.01"]
[Round "6.9"]
[White "Kaminski, Stefan"]
[Black "Woloszyn, Piotr"]
[Result "0-1"]
[WhiteElo "1575"]
[BlackElo "1759"]
[PlyCount "73"]
[EventDate "2010.06.26"]
[EventType "swiss"]
[EventRounds "1"]
[EventCountry "POL"]
[SourceDate "2010.06.26"]

1. e4 c5 2. c3 d5 3. Bb5+ Nc6 4. e5 Qb6 5. Bxc6+ bxc6 6. d4 e6 7. Nf3 Ba6 8.
Nbd2 cxd4 9. cxd4 Ne7 10. Qb3 Rb8 11. Qxb6 Rxb6 12. Nb3 Nf5 13. g4 Bb4+ 14. Bd2
Bxd2+ 15. Kxd2 Ne7 16. Rab1 Bc4 17. Nc1 a5 18. b3 O-O 19. Kc3 Rfb8 20. Nd2 Ba6
21. Nd3 Bxd3 22. Kxd3 Kf8 23. f4 Rb4 24. Rhf1 g6 25. h4 Rc8 26. Rfc1 c5 27. Nf3
c4+ 28. bxc4 dxc4+ 29. Ke4 Nd5 30. f5 Rxb1 31. Rc2 c3 32. fxe6 fxe6 33. Ng5 Rb2
34. Rc1 Ke7 35. Rf1 Re2+ 36. Kd3 Re3+ 37. Kc2 0-1